00429nam a2200157Ia 45000010006000000050017000060080041000230410008000640820024000721100025000962450097001212600009002183000028002276500008002556540008002631230320260306162931.0260306t2024||||xx |||||||||||||| ||spa|| aESP aHR 344bFEB 2024 AP aInstituto Pacífico 0aActualidad penal :brevista de derecho penal, procesal penal, penitenciario y criminología c2024 a313 páginas :c25 cm. aGEN aCDE